| 000 | 00359nam a22001457a 4500 | ||
|---|---|---|---|
| 005 | 20161022152824.0 | ||
| 008 | 161022b xxu||||| |||| 00| 0 eng d | ||
| 041 | _aeng | ||
| 100 |
_aBHARTIYA,SANTOSH _93637 |
||
| 245 | _aPATRAKARITA NAYA DAUR NAYE PRATIMAN | ||
| 260 | _bRADHA KRISHNAN | ||
| 300 | _a310 | ||
| 650 |
_aMASS COM @JOURNALISM _93631 |
||
| 942 | _cBK | ||
| 999 |
_c5288 _d5286 |
||